00565nam a22001697a 450000500170000001000150001702000260003203500140005803700130007208200110008524501250009626000540022127000660027530000210034170000140036270000190037620151103101935.0 aENG-113727 a9789383946099c285.00 aEN- 97259 bDBAD/PUB a330.03 aNucleus economics terminology :cedited & compiled by R.M. Rai [and] Rachna Shuklabenhance your subjective word power / aGreater NoidabNucieus Books & Encyclopediac2015 aOffice Add. 2nd Floor, B-31, Packet P3bGreater Noidae201308 a232p.c21cm(pbk) aRai, R.M. aShukla, Rachna